Global and regional changes in the cultural capital

Salvato in:
Dettagli Bibliografici
Autore principale: Zágoršeková, Marta
Natura: Capitolo di libro
Lingua:inglese
Tags: Aggiungi Tag
Nessun Tag, puoi essere il primo ad aggiungerne!!

MARC

LEADER 00000naa$a2200000$$$4500
001 0184215
005 20240502083435.0
041 0 |a eng 
044 |a HU 
245 1 0 |a Global and regional changes in the cultural capital  |c Marta Zágoršeková 
100 1 |a Zágoršeková, Marta